Povinné zamestnávanie občanov so zdravotným postihnutím
Vysvetlenie základných pojmov. Agentúra podporného zamestnávania. Tvorba pracovných podmienok pre zamestnávanie občanov so zdravotným postihnutím. Podpora zamestnávania občanov so zdravotným postihnutím. Integračný podnik. Povinnosť zamestnávať občanov so zdravotným postihnutím a preukazovanie plnen...
Enregistré dans:
| Auteur principal: | |
|---|---|
| Format: | Chapitre de livre |
| Langue: | slovaque |
| Sujets: | |
| Tags: |
Pas de tags, Soyez le premier à ajouter un tag!
|
MARC
| LEADER | 00000naa a2200000 4500 | ||
|---|---|---|---|
| 001 | 0262259 | ||
| 005 | 20200210132401.8 | ||
| 041 | 0 | |a slo | |
| 044 | |a SK | ||
| 245 | 1 | 0 | |a Povinné zamestnávanie občanov so zdravotným postihnutím |c Eva Gášpárová |
| 500 | |a Prílohy | ||
| 520 | |a Vysvetlenie základných pojmov. Agentúra podporného zamestnávania. Tvorba pracovných podmienok pre zamestnávanie občanov so zdravotným postihnutím. Podpora zamestnávania občanov so zdravotným postihnutím. Integračný podnik. Povinnosť zamestnávať občanov so zdravotným postihnutím a preukazovanie plnenia tejto povinnosti. | ||
| 610 | 2 | 0 | |a osoby zdravotne postihnuté |
| 610 | 2 | 0 | |a invalidita |
| 610 | 2 | 0 | |a zamestnanie |
| 610 | 2 | 0 | |a zamestnávatelia |
| 610 | 2 | 0 | |a služby zamestnanosti |
| 610 | 2 | 0 | |a legislatíva |
| 610 | 2 | 0 | |a dielne chránené |
| 610 | 2 | 0 | |a pracovisko chránené |
| 610 | 2 | 0 | |a podnik sociálny |
| 100 | 1 | |a Gášpárová, Eva | |